000 00251nam a2200097Ia 4500
001 641637
005 20250826153511.0
008 250824s9999 xx 000 0 und d
245 0 _aKAHRAMANIM OLUR MUSUN? TİMAŞ
_cADEM DÖNMEZ
260 _bTİMAŞ ÇOCUK
999 _c641637
_d641637